000
00263nam a2200109Ia 4500
005
20251222114409.0
008
251222s1900||||xx |||||||||||||| ||spa||
082
_a
DVD0092/U61/2004
245
0
_a
Por qué la iglesia
264
_b
El Centro Producciones
942
_c
DVD
999
_c
1942
_d
1942